Sets of Three IX Quiz Stats

Quiz Updated Sep 13, 2016

Also try: Sets of Three VIII
Challenge
Share
Tweet
Embed
Score 0/30 Timer 04:00
9 Plays Today
% Correct
Face Cards
93%
Citrus Fruit
92.6%
Toothpastes
92.4%
US Government Branches
92%
Sneakers
91.9%
Olympic Medals
91.2%
Primary Colors
90.8%
Precipitation
90.1%
Dow Jones Companies
89.4%
Artists
88.7%
Psyche Parts
87.3%
Glands
86.5%
Monopoly Game Pieces
84.1%
Icelandic Volcanos
83.3%
Periodic Elements in Coinage
81.6%
% Correct
Synonyms
79.9%
Green Shades
79.9%
Poutine Components
79.8%
Charlie's Angels
79%
Three's Company Characters
78.2%
Homophones
76.9%
Wave Parts
76.7%
Disney Dogs
75.2%
Congo Tributaries
74.5%
Wimbledon Ladies Champions
71.2%
Whales
69.9%
Palindromes
68.5%
Seas
66.1%
MLB Most Valuable Players
58.5%
Fates
57.8%

You're not logged in!

Compare scores with friends on all Sporcle quizzes.
Join for Free
OR
Log In

You Might Also Like...

Show Comments

Extras

Top Quizzes Today


Score Distribution

Your Account Isn't Verified!

In order to create a playlist on Sporcle, you need to verify the email address you used during registration. Go to your Sporcle Settings to finish the process.

Report this User

Report this user for behavior that violates our Community Guidelines.

Details: